| 000 | 00473nam a2200169Ia 4500 | ||
|---|---|---|---|
| 003 | GCL | ||
| 008 | 140319s9999 xx 000 0 eng d | ||
| 040 |
_aGCL / _cGCL |
||
| 082 | 0 | 4 |
_a335.4 _bH T |
| 100 | 1 | _aHUNT, CAREW. R. N | |
| 245 | 1 | 0 |
_aTHE THEORY AND PRACTICE OF COMMUNISAN: AN TNTRODUCTION / _cHUNT, CAREW. R. N |
| 260 |
_a[S.N] : _bTHE MACMILLAN COMPANY ، _c1957 |
||
| 300 | _a286 P | ||
| 650 | 0 | 4 | _aCOMMUNISM |
| 650 | 0 | 4 | _aECONOMICS - THEORIES |
| 942 |
_2ddc _cBK |
||
| 999 |
_c19641 _d19641 |
||